000
00284nam a22001097a 4500
020
_a
978-1259643767
082
_a
621.395
_b
MON
245
_a
Programming FPGAs: Getting Started with Verilog /
_c
Simon Monk
260
_b
McGraw Hill TAB,
_c
2016.
300
_a
192p. ;
942
_2
ddc
_c
BK
999
_c
615014
_d
615014